| 000 | 00525nam a2200169 i 4500 | ||
|---|---|---|---|
| 001 | 57757 | ||
| 003 | ES-MaACL | ||
| 005 | 20230906163636.0 | ||
| 007 | t| | ||
| 008 | 031017s1962 sp ||||1| spa d | ||
| 100 | 1 |
_aDosar, G. _945449 |
|
| 245 | 1 | 0 |
_aBridge _b: subastas y convenciones modernas / _cG. Dosar ; ilustraciones de J.I. Cárdenas. |
| 260 |
_aMadrid : _b[s.n., _c1962] ( _fGráf. Pialo) |
||
| 300 |
_a190 p. : _bil. ; _c19 cm. |
||
| 700 | 1 |
_aCárdenas, Juan Ignacio. _935142 |
|
| 852 |
_aES-MaACL _jC-22609 _bR.51222 |
||
| 999 |
_c57757 _d57757 |
||